000 01158naa a22003257a 4500
001 BR8107584
003 BR-BrBNA
005 20240918175053.0
007 ta
008 230509b bl.||||| |||| 00| 0 por d
040 _aBR-BrBNA
_bpor
_cBiblioteca Nacional de Agricultura
041 _a(Pt)
072 _aE70; P05; P10
_b/G514
_bGZ35
090 _aE70 BR8107584
100 1 _aBarros, A.L. de M.M. de
100 1 _aCagnin, J.U.
111 1 _a1. Seminario Nacional de Hidrovias
_cCuritiba, PR (Brazil)
_d27-30 Apr 1981
245 1 _aConsideracoes sobre a navegacao fluvial do inventario hidreletrico da Bacia do Xingu [Brasil]
260 3 _aCuritiba, PR (Brasil):
_c1981.
500 _aAnais do 1. Seminario Nacional de Hidrovias Curitiba, PR (Brasil): 1981. p. 361-374 (BR8107584-AM)E70
650 _aTRANSPORTE FLUVIAL
650 _aHIDROVIA
650 _aHIDRELETRICA
650 _aRECURSO HIDRICO
650 _aBACIA HIDROGRAFICA
650 _aRIO XINGU
773 0 _tAnais do 1. Seminario Nacional de Hidrovias
_wE70 BR8107584
_gCuritiba, PR (Brasil), 1981. p. 361-374
909 _a202404
_bLucia
_c55
_dLucia Elande
942 _cAM
_2AGRIS
999 _c314848
_d314848